000 00667nam a2200229Ia 4500
003 OSt
005 20221005132505.0
006 a|||||r|||| 00| 0
007 ta
008 221004b |||||||| |||| 00| 0 eng d
024 _a32999
037 _cTextual
040 _aCRL
_cCRL
_beng
041 _2eng
_aeng
082 _aN1688:13, J5
100 _aKendall Henry
_9641219
245 0 _aTown planning in Uganda
_b A brief description of the efforts made by government to control development of Urban areas from 1915 to 1955
260 _c1955
650 _aARTS
942 _hN1688:13, J5
_cTEXL
_2cc
999 _c1063808
_d1063808